000 00421nam a2200169Ia 4500
008 231221s9999 xx 000 0 und d
020 _a978-0-86612-283-2
041 _aEnglish
082 _a657.837 COT;1 R
100 _aCote, Roymond
245 0 _aBasic Hotel and Restaurant Accounting
250 _a6th ed.
260 _c2006
_bAH & LEI
_aLansing MI
300 _axiii+483
500 _a E.-509
942 _cHM
999 _c208568
_d208568